[Event "AUTO-INT-2042"]
[Site "http://www.queenalice.com/game.php?id=942001"]
[Date "2011.5.24"]
[Round "1"]
[White "jamba"]
[Black "AnamCara"]
[Result "1-0"]
[WhiteElo "1522"]
[BlackElo "1668"]

1. d4 d5 2. e3 Nc6 3. a3 Nf6 4. Bd3 e5 5. Nd2 e4 6. Be2 h6 7. f4 g6 8. Nh3 Bxh3
9. gxh3 Be7 10. Rg1 a6 11. h4 Nd7 12. c4 Bxh4+ 13. Kf1 g5 14. f5 Qf6 15. cxd5
Qxf5+ 16. Nf3 Qh3+ 17. Rg2 g4 18. Nxh4 Qxh4 19. dxc6 Qf6+ 20. Ke1 Qxc6 21. Rxg4
Nf6 22. Rf4 O-O-O 23. b4 Kb8 24. d5 Nxd5 25. Rxf7 Nc3 26. Qc2 Nxe2 27. Qxe2 Rhg8
28. Bb2 Rg1+ 29. Rf1 Qg6 30. Bf6 Rd6 31. Be5 Re6 32. Bd4 Rg2 33. Rf8+ Re8 34.
Rxe8+ Qxe8 35. Qxg2 b6 36. a4 Qc6 37. Qg8+ Kb7 38. a5 b5 39. Rd1 Qd6 40. Qf7
Qxh2 41. Qd5+ Kb8 42. Be5 Qg1+ 43. Kd2 Qf2+ 44. Kc1 Qxe3+ 45. Rd2 Qe1+ 46. Kc2
e3 47. Qd8+ Kb7 48. Qxc7+ 1-0

[Event "AUTO-INT-2042"]
[Site "http://www.queenalice.com/game.php?id=942002"]
[Date "2011.5.24"]
[Round "1"]
[White "AnamCara"]
[Black "jamba"]
[Result "1-0"]
[WhiteElo "1592"]
[BlackElo "1522"]

1. e4 c5 2. c4 d6 3. Nc3 g6 4. Nf3 Bg7 5. Bd3 Nc6 6. a3 Be6 7. h3 Nd4 8. Nxd4
cxd4 9. Ne2 Rc8 10. b3 Qb6 11. Bb2 a5 12. Nf4 a4 13. Nxe6 fxe6 14. Qg4 Qxb3 15.
Qxe6 Rd8 16. Ke2 Qxb2 17. Rhb1 Qb3 18. Rxb3 axb3 19. Rb1 Nf6 20. Rxb3 Rb8 21. c5
dxc5 22. Qc4 b6 23. Qa6 O-O 24. Rxb6 c4 25. Rxb8 cxd3+ 26. Kxd3 Rxb8 27. Qc4+
Kf8 28. Qxd4 Rb3+ 29. Ke2 Rxa3 30. Qd8+ Kf7 31. e5 Nh5 32. Qd5+ e6 33. Qd7+ Kg8
34. Qxe6+ Kh8 35. Qe8+ Bf8 36. Qxf8# 1-0

[Event "AUTO-INT-2042"]
[Site "http://www.queenalice.com/game.php?id=942009"]
[Date "2011.5.24"]
[Round "1"]
[White "jocapeme"]
[Black "AnamCara"]
[Result "0-1"]
[WhiteElo "1637"]
[BlackElo "1641"]

1. e4 e5 2. Nf3 Nf6 3. d3 h6 4. Be3 d6 5. Be2 Bg4 6. h3 Bxf3 7. Bxf3 Nc6 8. Nc3
a6 9. O-O b5 10. Nd5 Nxd5 11. exd5 Ne7 12. Re1 Nf5 13. c3 Be7 14. d4 Nxe3 15.
Rxe3 Bg5 16. Re4 Qc8 17. dxe5 Be7 18. e6 Rf8 19. Bg4 f6 20. Bh5+ Kd8 21. Qd3 f5
22. Rf4 Qb7 23. Rd1 c6 24. c4 bxc4 25. Qxc4 c5 26. b3 a5 27. Be2 Bg5 28. Rf3 Qb4
29. g4 Qxc4 30. bxc4 Ke7 31. gxf5 Rfb8 32. Bd3 Bf6 33. Rb1 Ke8 34. a4 Rb4 35.
Ra1 Bxa1 36. f6 gxf6 37. Bg6+ Ke7 0-1

[Event "AUTO-INT-2042"]
[Site "http://www.queenalice.com/game.php?id=942010"]
[Date "2011.5.24"]
[Round "1"]
[White "AnamCara"]
[Black "jocapeme"]
[Result "1-0"]
[WhiteElo "1634"]
[BlackElo "1637"]

1. e4 e5 2. Nf3 Nc6 3. d4 d6 4. d5 Nb8 5. Nc3 Nf6 6. h3 c6 7. Bg5 h6 8. Bxf6
Qxf6 9. dxc6 Nxc6 10. a3 Be6 11. Bb5 a6 12. Bxc6+ bxc6 13. Qd3 Be7 14. O-O-O O-O
15. g4 Qf4+ 16. Nd2 Qxf2 17. Nf3 Qc5 18. b4 Qc4 19. Qxc4 Bxc4 20. Kb2 Rab8 21.
Nd2 Bb5 22. a4 Bxa4 23. Nxa4 Rxb4+ 24. Ka3 a5 25. Nb3 Ra8 26. c3 Rxe4 27. Nd2
Re3 28. Rc1 d5+ 29. Kb3 Rb8+ 30. Kc2 Bg5 31. Rb1 Rxb1 32. Rxb1 Re2 33. Rd1 e4
34. Kb3 e3 35. Nf3 Bf4 36. Nd4 Rd2 37. Rxd2 exd2 38. Kc2 Be3 39. Nxc6 1-0

[Event "AUTO-INT-2049"]
[Site "http://www.queenalice.com/game.php?id=944727"]
[Date "2011.5.31"]
[Round "1"]
[White "orwieorwatt"]
[Black "AnamCara"]
[Result "1-0"]
[WhiteElo "1604"]
[BlackElo "1580"]

1. e4 e5 2. Qh5 Nc6 3. Bc4 g6 4. Qe2 a6 5. Nf3 d6 6. h3 Nf6 7. Ng5 d5 8. exd5
Nxd5 9. Qf3 Qxg5 10. d3 Nf4 11. Bxf4 Qe7 12. Bd2 1-0

[Event "AUTO-INT-2049"]
[Site "http://www.queenalice.com/game.php?id=944728"]
[Date "2011.5.31"]
[Round "1"]
[White "AnamCara"]
[Black "orwieorwatt"]
[Result "0-1"]
[WhiteElo "1597"]
[BlackElo "1588"]

1. e4 e5 2. Nf3 Nc6 3. a3 a6 4. Nc3 d6 5. h3 b5 6. b4 Bb7 7. d3 Nd4 8. Nxd4 exd4
9. Nd5 Bxd5 10. exd5 h6 11. Qe2+ Qe7 12. Qxe7+ Nxe7 0-1

[Event "AUTO-INT-2049"]
[Site "http://www.queenalice.com/game.php?id=944743"]
[Date "2011.5.31"]
[Round "1"]
[White "AnamCara"]
[Black "Gusmao"]
[Result "0-1"]
[WhiteElo "1671"]
[BlackElo "1430"]

1. e4 e5 2. Nf3 d6 3. d4 Bg4 4. Be2 Bxf3 5. Bxf3 exd4 6. Qxd4 b5 7. O-O c5 8.
Qd5 Nd7 9. Qc6 a6 10. e5 dxe5 11. Qxa8 Nb8 12. Qd5 Bd6 13. Re1 Nf6 14. Qd2 e4
15. Bxe4 O-O 16. Qd3 Qe7 17. Bxh7+ Nxh7 18. Rxe7 Bxe7 19. Qg3 Rd8 20. Nc3 b4 21.
Bh6 Bf6 22. Ne4 Bxb2 23. c3 g6 24. Qe5 f6 25. Qe6+ Kh8 26. Qf7 Rd7 0-1

[Event "AUTO-INT-2049"]
[Site "http://www.queenalice.com/game.php?id=944744"]
[Date "2011.5.31"]
[Round "1"]
[White "Gusmao"]
[Black "AnamCara"]
[Result "1-0"]
[WhiteElo "1456"]
[BlackElo "1637"]

1. e3 d5 2. Bb5+ Bd7 3. Bd3 Nf6 4. c4 dxc4 5. Bxc4 e6 6. d4 a6 7. a3 Bb5 8. Bb3
Nc6 9. a4 Bb4+ 10. Bd2 Bd3 11. Bxb4 Nxb4 12. a5 Bxb1 13. Qxb1 b6 14. Ba4+ c6 15.
Qc1 Nd3+ 16. Kd2 Nxc1 17. Rxc1 b5 18. Bd1 Ne4+ 19. Ke2 Qf6 20. Nh3 Ng5 21. Nf4
e5 22. dxe5 Qxe5 23. Rxc6 Qxb2+ 24. Kd3 Rd8+ 25. Rd6 Rxd6+ 26. Nd5 1-0

[Event "AUTO-INT-2049"]
[Site "http://www.queenalice.com/game.php?id=944745"]
[Date "2011.5.31"]
[Round "1"]
[White "AnamCara"]
[Black "reynel"]
[Result "0-1"]
[WhiteElo "1508"]
[BlackElo "1853"]

1. e4 e5 2. Nf3 Nc6 3. a3 Nf6 4. Nc3 d5 5. exd5 Nxd5 6. Bc4 Be6 7. Nxd5 Bxd5 8.
Bxd5 Qxd5 9. d3 h6 10. h3 O-O-O 11. b3 e4 12. Nd2 exd3 13. O-O Qe5 14. Rb1 Bd6
15. Nf3 dxc2 16. Qxc2 Qf6 17. Bb2 Ne5 18. Nxe5 Bxe5 19. Rfc1 Rd7 20. Bxe5 Qxe5
0-1

[Event "AUTO-INT-2049"]
[Site "http://www.queenalice.com/game.php?id=944746"]
[Date "2011.5.31"]
[Round "1"]
[White "reynel"]
[Black "AnamCara"]
[Result "1-0"]
[WhiteElo "1857"]
[BlackElo "1508"]

1. e4 e5 2. Nf3 d6 3. d4 Bg4 4. Be2 exd4 5. Nxd4 Bxe2 6. Qxe2 a6 7. O-O c5 8.
Nf3 h6 9. Rd1 Nc6 10. Nc3 f6 11. Bf4 g5 12. Bg3 Bg7 13. Rxd6 Qe7 14. Nd5 Qf7 15.
Nc7+ Qxc7 16. Re6+ Qe7 17. Rxe7+ Ngxe7 18. c3 b6 19. Re1 Kf7 20. e5 f5 21. e6+
1-0

[Event "AUTO-INT-2052"]
[Site "http://www.queenalice.com/game.php?id=946000"]
[Date "2011.6.4"]
[Round "1"]
[White "AnamCara"]
[Black "johndavidtelker"]
[Result "0-1"]
[WhiteElo "1533"]
[BlackElo "1735"]

1. d4 Nf6 2. Nc3 d5 3. Bg5 Nbd7 4. Bxf6 Nxf6 5. Nf3 a6 6. e3 e6 7. Bd3 Bd6 8.
Ne5 c5 9. Nf3 c4 10. Be2 b5 11. Ne5 Bb7 12. O-O O-O 13. Re1 Qc7 14. Qd2 Bxe5 15.
dxe5 Ne4 16. Nxe4 dxe4 17. Qd6 Qxd6 18. exd6 Rad8 19. Rad1 Bd5 20. c3 Rxd6 0-1

[Event "AUTO-INT-2052"]
[Site "http://www.queenalice.com/game.php?id=946001"]
[Date "2011.6.4"]
[Round "1"]
[White "johndavidtelker"]
[Black "AnamCara"]
[Result "1-0"]
[WhiteElo "1726"]
[BlackElo "1542"]

1. e4 e5 2. Nf3 d6 3. Bc4 f6 4. O-O Qe7 5. Re1 Nc6 6. a3 f5 7. d3 f4 8. Nc3 Bg4
9. h3 Bxf3 10. Qxf3 Nd4 11. Qd1 Qg5 12. Nd5 f3 13. g3 Ne2+ 14. Qxe2 fxe2 15.
Bxg5 h6 16. Be3 Kd7 17. Rxe2 c6 18. Nc3 Nf6 19. b4 Be7 20. f4 exf4 21. gxf4 1-0